| 000 | 00776nam a2200181Ia 4500 | ||
|---|---|---|---|
| 008 | 090124s9999 xx 000 0 und d | ||
| 082 | _b40149 | ||
| 100 | _aपुरंदरे माधुरी | ||
| 245 | _a" राधाचं घर (आई,बाबा,काका,भाऊ,नाना,आजी)" | ||
| 250 | _a0 | ||
| 260 |
_bज्योत्स्ना प्रकाशन _c2002 |
||
| 300 | _a144 | ||
| 600 | _aपुरंदरे माधुरी | ||
| 630 | _a" राधाचं घर (आई,बाबा,काका,भाऊ,नाना,आजी)" | ||
| 700 | _aपुरंदरे माधुरी | ||
| 730 | _a" राधाचं घर (आई,बाबा,काका,भाऊ,नाना,आजी)" | ||
| 942 | _cBOOK | ||
| 999 |
_c104998 _d104998 |
||